Placement training Companion/ (Record no. 214219)

MARC details
000 -LEADER
fixed length control field 00776nam a22002297a 4500
005 - DATE AND TIME OF LATEST TRANSACTION
control field 20260116121635.0
010 ## - LCCN (DPL NO)
LC control number ENG-147511
020 ## - INTERNATIONAL STANDARD BOOK NUMBER
International Standard Book Number 9789367139080
Terms of availability 375.00
035 ## - SYSTEM CONTROL NUMBER
System control number EN-131043
037 ## - SOURCE OF ACQUISITION
Source of stock number/acquisition DBAD
082 ## - DEWEY DECIMAL CLASSIFICATION NUMBER
Classification number 658.3124
Edition number 1
100 ## - MAIN ENTRY--PERSONAL NAME
Personal name Sinha, Nishit
245 ## - TITLE STATEMENT
Title Placement training Companion/
Statement of responsibility, etc Nishit Sinha; Showick Thorpe [and] Dinesh Khattar
250 ## - EDITION STATEMENT
Edition statement 1
260 ## - PUBLICATION, DISTRIBUTION, ETC. (IMPRINT)
Place of publication, distribution, etc Noida
Name of publisher, distributor, etc Pearson India Education
Date of publication, distribution, etc 2026
270 ## - ADDRESS
Address 15th Floor, Towe-B, World Trade Tower, Plot No.1, Block-C, Sector-16
City Noida
Postal code 201301
300 ## - PHYSICAL DESCRIPTION
Extent vpp.
Dimensions 25cm(pb)
500 ## - GENERAL NOTE
General note career Skill Development Paper III
700 ## - ADDED ENTRY--PERSONAL NAME
Personal name Thorpe, Showick
Relator term Author
9 (RLIN) 86497
700 ## - ADDED ENTRY--PERSONAL NAME
Personal name Khattar, Dinesh
Relator term Author
9 (RLIN) 86498
942 ## - ADDED ENTRY ELEMENTS (KOHA)
Source of classification or shelving scheme Dewey Decimal Classification
Item type English Books
Classification part 658.3124`
Call number suffix SIN
Holdings
Withdrawn status Lost status Not for loan Collection code Home library Current library Date acquired Source of acquisition Cost, normal purchase price Full call number Barcode Copy number Cost, replacement price Koha item type
      Non-fiction RC3 Aruna Nagar RC3 Aruna Nagar 16/01/2026 Delivery of Books Act Division 375.00 658.3124` SIN EN-131043 1 375.00 English Books

© Delhi Public Library
Hit Counter
free hit counter